| 000 | 00821nam a2200289 a 4500 | ||
|---|---|---|---|
| 003 | AR-BaBNM | ||
| 005 | 20251128204146.0 | ||
| 008 | 082120s2002 ||||||||||||||000 | spa|| | ||
| 020 | _a950-25-0033-4 | ||
| 040 | _cAR-BaBNM | ||
| 100 | 1 | _aAcevedo Anacarsis, L. | |
| 245 | 0 | 0 | _aInvestigación a la forestal |
| 260 |
_aBuenos Aires _bCentro Editor de América Latina _c1983 |
||
| 300 | _a166 p. | ||
| 490 | 0 |
_aBiblioteca política argentina _vv. 34 |
|
| 500 | _aContiene: textos complementarios | ||
| 610 | 2 | 4 | _aLa Forestal |
| 650 | 4 | _aSIGLO VEINTE | |
| 650 | 4 | _aPROYECTOS DE INVESTIGACION | |
| 650 | 4 | _aINVESTIGACION ECOLOGICA | |
| 650 | 4 | _aDETERIORO AMBIENTAL | |
| 650 | 4 | _aCONFLICTO LABORAL | |
| 650 | 4 | _aCONDICIONES DE TRABAJO | |
| 800 | 1 |
_aTroncoso, Oscar _edirector |
|
| 942 | _cBK | ||
| 998 | _cGrace | ||
| 999 |
_c6414 _d6414 |
||